Jak využít zaměstnanecké magazíny?

Firemný časopis ako nástroj internej komunikácie v organizácii. Informačný charakter firemného časopisu. Obsahová štruktúra. Čo je to welcome pack.

Gespeichert in:
Bibliographische Detailangaben
1. Verfasser: Vymětal, Martin
Format: Buchkapitel
Sprache:Tschechisch
Schlagworte:
Tags: Tag hinzufügen
Keine Tags, Fügen Sie das erste Tag hinzu!

MARC

LEADER 00000naa$a2200000$$$4500
001 0050410
005 20231016105218.8
041 0 |a cze 
044 |a CZ 
245 1 0 |a Jak využít zaměstnanecké magazíny?  |c Martin Vymětal 
520 |a Firemný časopis ako nástroj internej komunikácie v organizácii. Informačný charakter firemného časopisu. Obsahová štruktúra. Čo je to welcome pack. 
610 2 0 |a podnik 
610 2 0 |a komunikácia firemná 
610 2 0 |a komunikácia interná 
610 2 0 |a informácie 
610 2 0 |a zamestnávatelia 
610 2 0 |a zamestnanci 
610 2 0 |a časopisy 
100 1 |a Vymětal, Martin